Colonial crucible : empire in the making of the modern American state /

Bibliographic Details
Other Authors: McCoy, Alfred W., Scarano, Francisco A. (Francisco Antonio)
Format: Book
Language:English
Published: Madison : University of Wisconsin Press, [2009]
Subjects:

MARC

Tag First Indicator Second Indicator Subfields
LEADER 00000cam a22000004a 4500
001 in00002487134
005 20151110102331.0
008 081015s2009 wiuab b s001 0 eng c
010 |a  2008043120 
020 |a 9780299231040 (pbk. : alk. paper) 
020 |a 0299231046 (pbk. : alk. paper) 
020 |a 9780299231033 (e-book) 
020 |a 0299231038 (e-book) 
035 |a (OCoLC)ocn276137986 
040 |a GZM/DLC  |c DLC  |d UtOrBLW 
042 |a pcc 
043 |a n-us--- 
049 |a TXAM 
050 0 0 |a E713  |b .C68 2009 
082 0 0 |a 973.88  |2 22 
245 0 0 |a Colonial crucible :  |b empire in the making of the modern American state /  |c edited by Alfred W. McCoy and Francisco A. Scarano. 
264 1 |a Madison :  |b University of Wisconsin Press,  |c [2009] 
264 4 |c ©2009 
300 |a xv, 685 pages :  |b illustrations, maps ;  |c 23 cm. 
336 |a text  |b txt  |2 rdacontent 
337 |a unmediated  |b n  |2 rdamedia 
338 |a volume  |b nc  |2 rdacarrier 
504 |a Includes bibliographical references (pages 557-644) and index. 
650 0 |a Imperialism  |z United States. 
651 0 |a United States  |x Foreign relations  |y 1897-1901. 
651 0 |a United States  |x Foreign relations  |y 1901-1909. 
651 0 |a United States  |x Territorial expansion. 
700 1 |a McCoy, Alfred W. 
700 1 |a Scarano, Francisco A.  |q (Francisco Antonio) 
945 |a PromptCat 
946 |a stk 
947 |a A14839844810 
948 |a cataloged  |b h  |c 2009/5/13  |d c  |e dmitchel  |f 8:00:00 am 
994 |a 92  |b TXA 
999 |a MARS 
999 f f |s 675ff253-e6ea-3b84-b2eb-468adf163d65  |i 003e29c7-345a-3352-99e4-04db93f15266  |t 0 
952 f f |p normal  |a Texas A&M University  |b College Station  |c Sterling C. Evans Library  |d Evans: Library Stacks  |t 0  |e E713 .C68 2009  |h Library of Congress classification  |i unmediated -- volume  |m A14839844810 
998 f f |a E713 .C68 2009  |t 0  |l Evans: Library Stacks